[Event "Wroclaw Anderssen Memorial"]
[Site "Wroclaw"]
[Date "2021.07.31"]
[Round "5"]
[White "Frac, Pawel"]
[Black "Klimek, Marcin"]
[Result "0-1"]
[WhiteElo "1293"]
[BlackElo "1760"]
[PlyCount "76"]
[EventDate "2021.07.31"]
[EventType "swiss (rapid)"]
[EventRounds "9"]
[EventCountry "POL"]
[SourceTitle "CBM 203 Extra"]
[Source "ChessBase"]
[SourceDate "2021.09.30"]
[SourceVersion "1"]
[SourceVersionDate "2021.09.30"]
[SourceQuality "1"]

1. e4 c6 2. d4 d5 3. exd5 cxd5 4. Bd3 Nf6 5. h3 g6 6. Nf3 Bf5 7. c3 Nbd7 8. Bg5 Qb6 9. Bc2 Qxb2 10. Bxf5 gxf5 11. Nbd2 Ne4 12. Bf4 Nxc3 13. Qc1 Qxc1+ 14. Rxc1 Nxa2 15. Rb1 Nb6 16. Rb3 e6 17. 0-0 Nb4 18. Ra1 Nc4 19. Ne5 b5 20. Ndf3 f6 21. Nd3 Nxd3 22. Rxd3 a5 23. Bc7 Kd7 24. Bf4 Bd6 25. Bc1 a4 26. Nd2 b4 27. Nb1 Rhb8 28. Kf1 b3 29. Bd2 a3 30. Bc3 a2 31. Rd1 b2 32. Bxb2 axb1Q 33. Rdxb1 Rxa1 34. Rxa1 Rxb2 35. Ra7+ Bc7 36. Ra1 Nd2+ 37. Ke1 Ne4 38. f3 Bg3+ 0-1

[Event "POL-chT U19 2nd League"]
[Site "Szczyrk"]
[Date "2014.07.29"]
[Round "7.25"]
[White "Banach, Szymon"]
[Black "Klimek, Marcin"]
[Result "1-0"]
[WhiteElo "1891"]
[BlackElo "1800"]
[PlyCount "45"]
[EventDate "2014.07.25"]
[EventType "team-swiss"]
[EventRounds "11"]
[EventCountry "POL"]
[SourceTitle "EXT 2015"]
[Source "ChessBase"]
[SourceDate "2014.11.20"]
[SourceVersion "1"]
[SourceVersionDate "2014.11.20"]
[SourceQuality "1"]
[WhiteTeam "Gniezno LKS Chrobry U19"]
[BlackTeam "Opole Rodlo U19 II"]
[WhiteTeamCountry "POL"]
[BlackTeamCountry "POL"]

1. e4 e5 2. Nf3 Nc6 3. Bb5 f5 4. d3 Nf6 5. 0-0 Bc5 6. exf5 0-0 7. Bg5 Qe8 8. Nc3 d6 9. Bxf6 gxf6 10. Nd5 Qd7 11. Nh4 Rf7 12. b4 a6 13. Bc4 Kf8 14. bxc5 dxc5 15. Qh5 b5 16. Qh6+ Ke8 17. Nxf6+ Rxf6 18. Qxf6 bxc4 19. Qh8+ Ke7 20. Qxh7+ Kd8 21. Qh8+ Qe8 22. Qf6+ Ne7 23. dxc4 1-0

[Event "POL-ch U18"]
[Site "Szczyrk"]
[Date "2013.??.??"]
[Round "7"]
[White "Klimek, Marcin"]
[Black "Musialkiewicz, Pawel"]
[Result "0-1"]
[WhiteElo "1819"]
[BlackElo "2182"]
[PlyCount "158"]
[EventDate "2013.03.17"]
[EventType "swiss"]
[EventRounds "9"]
[EventCountry "POL"]
[SourceTitle "CBM 153 Extra"]
[Source "ChessBase"]
[SourceDate "2013.04.22"]
[SourceVersion "1"]
[SourceVersionDate "2013.04.22"]
[SourceQuality "1"]

1. e4 e6 2. d4 d5 3. e5 c5 4. c3 Qb6 5. Nf3 Nc6 6. a3 c4 7. Nbd2 Na5 8. g3 Bd7 9. Bh3 h6 10. Nh4 0-0-0 11. 0-0 Ne7 12. Ng2 Kb8 13. Ne3 f5 14. f4 g5 15. Rf2 Ng6 16. Bf1 Be7 17. Ng2 Rdg8 18. Rb1 Nb3 19. Nf3 g4 20. Nd2 Ba4 21. Nxb3 Bxb3 22. Qe1 h5 23. Re2 h4 24. Ne3 Rh5 25. Rg2 Rgh8 26. Kf2 h3 27. Rg1 Nxf4 28. Nxc4 dxc4 29. Bxf4 Ba2 30. Be2 Bxb1 31. Qxb1 Qc6 32. b4 Rc8 33. Qc2 Qd5 34. a4 Kc7 35. Bd1 Kd8 36. Qd2 Ke8 37. Qe3 Kf7 38. Bc2 Rhh8 39. Bd1 Rhg8 40. Bc2 Kg6 41. Bd1 Kh5 42. Bc2 Rgd8 43. Ke2 Qc6 44. Rf1 Qe8 45. Rf2 Rd5 46. Ke1 Qf8 47. Rd2 Qg7 48. Qf2 b5 49. a5 a6 50. Qe3 Kg6 51. Bd1 Kf7 52. Rb2 Ke8 53. Qf2 Kd7 54. Qe3 Kc6 55. Qf2 Kb7 56. Qe3 Rcd8 57. Qf2 R8d7 58. Kf1 Bd8 59. Rd2 Bc7 60. Ke1 Qf8 61. Ra2 Qh8 62. Qe3 Qd8 63. Be2 Bb8 64. Qf2 Qf8 65. Rb2 Rd8 66. Bf1 Qe7 67. Qe3 Ba7 68. Bg5 Qd7 69. Rd2 Rg8 70. Bf4 Qd8 71. Qf2 Rg7 72. Be3 Rgd7 73. Qf4 Bb8 74. Qf2 Bc7 75. Ra2 Rxe5 76. Rd2 Red5 77. Bf4 Qf6 78. Re2 e5 79. Bxe5 Bxe5 0-1

[Event "POL-ch U18"]
[Site "Szczyrk"]
[Date "2013.??.??"]
[Round "3"]
[White "Pietruszewski, Marcin"]
[Black "Klimek, Marcin"]
[Result "1/2-1/2"]
[WhiteElo "2107"]
[BlackElo "1819"]
[PlyCount "80"]
[EventDate "2013.03.17"]
[EventType "swiss"]
[EventRounds "9"]
[EventCountry "POL"]
[SourceTitle "CBM 153 Extra"]
[Source "ChessBase"]
[SourceDate "2013.04.22"]
[SourceVersion "1"]
[SourceVersionDate "2013.04.22"]
[SourceQuality "1"]

1. e4 e6 2. d4 d5 3. Nc3 Bb4 4. a3 Bxc3+ 5. bxc3 dxe4 6. Qg4 Nf6 7. Qxg7 Rg8 8. Qh6 Rg6 9. Qh4 c5 10. Ne2 Nc6 11. dxc5 Rg4 12. Qh6 Rg6 13. Qe3 Ng4 14. Qxe4 Qd1+ 15. Kxd1 Nxf2+ 16. Ke1 Nxe4 17. Nf4 Rg8 18. Bd3 Nxc5 19. Bxh7 Rh8 20. Bd3 Ne7 21. Be3 Nxd3+ 22. cxd3 e5 23. Ne2 b6 24. d4 f6 25. dxe5 fxe5 26. h4 Bg4 27. c4 Nf5 28. Bg5 Bxe2 29. Kxe2 Ng3+ 30. Ke3 Nxh1 31. Rxh1 Rc8 32. Rd1 Rh7 33. Ke4 Rxc4+ 34. Kxe5 Kf7 35. Kf5 Rc5+ 36. Kf4 Rc4+ 37. Kf5 Rc5+ 38. Kf4 Rc4+ 39. Kf5 Rc5+ 40. Kf4 Rc4+ 1/2-1/2

[Event "POL Region-ch U17"]
[Site "Szczyrk"]
[Date "2012.10.21"]
[Round "6.2"]
[White "Dzierzak, Radoslaw"]
[Black "Klimek, Marcin"]
[Result "1-0"]
[WhiteElo "1918"]
[BlackElo "1863"]
[PlyCount "61"]
[EventDate "2012.10.14"]
[EventType "swiss"]
[EventRounds "9"]
[EventCountry "POL"]
[SourceTitle "EXT 2023"]
[Source "ChessBase"]
[SourceDate "2022.10.05"]
[SourceVersion "1"]
[SourceVersionDate "2022.10.05"]
[SourceQuality "1"]

1. e4 e6 2. d4 d5 3. Nd2 Nf6 4. e5 Nfd7 5. Bd3 c5 6. c3 Nc6 7. Ne2 cxd4 8. cxd4 f6 9. exf6 Nxf6 10. 0-0 Bd6 11. Nf3 Qc7 12. Re1 0-0 13. Ng3 Bd7 14. Bg5 Ng4 15. Rc1 Rae8 16. Bb1 h6 17. Qd3 hxg5 18. Qh7+ Kf7 19. Bg6+ Ke7 20. Qxg7+ Kd8 21. Bxe8 Kxe8 22. Nxg5 Nxf2 23. Nxe6 Bxe6 24. Rxe6+ Kd8 25. Qg5+ Kc8 26. Qg6 Bxg3 27. hxg3 Qf7 28. Qxf7 Rxf7 29. Rf1 Nxd4 30. Re3 Ng4 31. Rc3+ 1-0

[Event "POL Region-ch U17"]
[Site "Szczyrk"]
[Date "2012.10.21"]
[Round "7.2"]
[White "Klimek, Marcin"]
[Black "Faron, Rafal"]
[Result "0-1"]
[WhiteElo "1863"]
[BlackElo "1900"]
[PlyCount "70"]
[EventDate "2012.10.14"]
[EventType "swiss"]
[EventRounds "9"]
[EventCountry "POL"]
[SourceTitle "EXT 2023"]
[Source "ChessBase"]
[SourceDate "2022.10.05"]
[SourceVersion "1"]
[SourceVersionDate "2022.10.05"]
[SourceQuality "1"]

1. Nc3 e5 2. e4 d6 3. f4 Nf6 4. Nf3 Nbd7 5. Bc4 Be7 6. d4 exd4 7. Qxd4 0-0 8. Be3 c6 9. a4 d5 10. Be2 c5 11. Qd2 d4 12. Nxd4 cxd4 13. Bxd4 Bb4 14. Bf3 Nb6 15. b3 Re8 16. e5 Nfd5 17. 0-0-0 Qc7 18. Kb2 Nxc3 19. Bxc3 Bxc3+ 20. Qxc3 Qxc3+ 21. Kxc3 Rb8 22. a5 Nd7 23. Rd2 Nf8 24. Rhd1 Be6 25. g4 g6 26. Rd6 Rec8+ 27. Kb2 Rc5 28. a6 b6 29. Rd8 Rbc8 30. Be4 Bxg4 31. R1d2 R5c7 32. Bb7 Rxc2+ 33. Rxc2 Rxd8 34. Rc7 Ne6 35. Rc4 Be2 0-1

[Event "POL-chT U19 2nd League"]
[Site "Borowice"]
[Date "2012.07.28"]
[Round "10"]
[White "Boldys, Piotr"]
[Black "Klimek, Marcin"]
[Result "1/2-1/2"]
[WhiteElo "1670"]
[BlackElo "1900"]
[PlyCount "60"]
[EventDate "2012.07.21"]
[EventType "team-swiss"]
[EventRounds "11"]
[EventCountry "POL"]
[SourceTitle "EXT 2014"]
[Source "ChessBase"]
[SourceDate "2013.11.20"]
[SourceVersion "1"]
[SourceVersionDate "2013.11.20"]
[SourceQuality "1"]
[WhiteTeam "Rydultowy Ognisko U19"]
[BlackTeam "Opole Rodlo U19"]
[WhiteTeamCountry "POL"]
[BlackTeamCountry "POL"]

1. e4 e6 2. d4 d5 3. Nc3 Bb4 4. exd5 exd5 5. Bd3 c6 6. Nf3 Bg4 7. 0-0 Qc7 8. Qe1+ Ne7 9. Nxd5 cxd5 10. Qxb4 Nbc6 11. Qc3 Bxf3 12. gxf3 Qd6 13. Bg5 f6 14. Be3 g5 15. Qc5 Qd7 16. c4 Rc8 17. cxd5 Nxd5 18. Rfe1 Ne5 19. dxe5 Rxc5 20. Bxc5 Nf4 21. exf6+ Kd8 22. Bc4 Qh3 23. Bf1 Qxf3 24. Rad1+ Kc8 25. f7 Qg4+ 26. Kh1 Qf3+ 27. Kg1 Qg4+ 28. Kh1 Qf3+ 29. Kg1 Qg4+ 30. Kh1 Qf3+ 1/2-1/2

[Event "Gora Sw Anny op 5th"]
[Site "Gora Sw Anny"]
[Date "2012.01.17"]
[Round "7"]
[White "Malaniuk, Vladimir P"]
[Black "Klimek, Marcin"]
[Result "1-0"]
[WhiteElo "2512"]
[BlackElo "1822"]
[PlyCount "57"]
[EventDate "2012.01.11"]
[EventType "swiss"]
[EventRounds "9"]
[EventCountry "POL"]
[SourceTitle "CBM 146 Extra"]
[Source "ChessBase"]
[SourceDate "2012.02.29"]
[SourceVersion "1"]
[SourceVersionDate "2012.02.29"]
[SourceQuality "1"]

1. Nf3 d5 2. d4 e6 3. c4 c6 4. Nc3 f5 5. Bf4 Bd6 6. e3 Nf6 7. Bd3 0-0 8. 0-0 Ne4 9. Qc2 b6 10. Rab1 a5 11. Bxd6 Nxd6 12. Ne5 Ba6 13. Na4 b5 14. cxb5 cxb5 15. Nc5 Re8 16. b3 Qb6 17. Rfc1 Nf7 18. Nxf7 Kxf7 19. Qe2 b4 20. Qh5+ Kf8 21. Bxa6 Rxa6 22. Nxa6 Nxa6 23. Rc2 Nc7 24. Rbc1 Nb5 25. Rc8 Rd8 26. R1c6 Rxc8 27. Rxc8+ Ke7 28. Qe8+ Kf6 29. Rc6 1-0

[Event "Gora Sw Anny op 5th"]
[Site "Gora Sw Anny"]
[Date "2012.01.15"]
[Round "5"]
[White "Zmarzly, Aleksandra"]
[Black "Klimek, Marcin"]
[Result "1/2-1/2"]
[WhiteElo "2046"]
[BlackElo "1822"]
[PlyCount "119"]
[EventDate "2012.01.11"]
[EventType "swiss"]
[EventRounds "9"]
[EventCountry "POL"]
[SourceTitle "CBM 146 Extra"]
[Source "ChessBase"]
[SourceDate "2012.02.29"]
[SourceVersion "1"]
[SourceVersionDate "2012.02.29"]
[SourceQuality "1"]

1. d4 e6 2. c4 f5 3. g3 Nf6 4. Bg2 d5 5. Nh3 c6 6. 0-0 Bd6 7. Bf4 0-0 8. Bxd6 Qxd6 9. Nd2 Nbd7 10. cxd5 exd5 11. Nf4 Ne4 12. Nf3 Ndf6 13. Nd3 g5 14. e3 Be6 15. Nfe5 Qe7 16. b4 Bf7 17. Qc2 Nd7 18. Nxd7 Qxd7 19. Rab1 a6 20. a4 Nd6 21. Ne5 Qe6 22. Qe2 Bg6 23. Rfe1 Rae8 24. f3 g4 25. f4 Rc8 26. Rbc1 Be8 27. Nd3 Kg7 28. Nc5 Qe7 29. Nd3 h5 30. Ne5 Qe6 31. Kf2 Rh8 32. h4 Kf6 33. Kg1 Rh7 34. Nd3 Rhc7 35. Nc5 Qe7 36. Bf1 Ne4 37. Nxe4+ Qxe4 38. Bg2 Qe7 39. Qb2 Qd6 40. Re2 Bd7 41. Rec2 Ke7 42. Rc3 Kd8 43. Kf2 Be8 44. Bf1 b5 45. Rc5 Bd7 46. Bd3 Be6 47. Qc2 Qd7 48. Qb1 Ke7 49. R1c3 Kd6 50. Qc2 Rb7 51. Ra3 Rb6 52. Qa2 Rb7 53. axb5 axb5 54. Ra6 Ke7 55. Qc2 Rbc7 56. Kg2 Kd8 57. Kf2 Ke7 58. Ra3 Kd6 59. Rac3 Rb7 60. Ke2 1/2-1/2

[Event "Gora Sw Anny op 5th"]
[Site "Gora Sw Anny"]
[Date "2012.01.13"]
[Round "3"]
[White "Stark, Lukasz"]
[Black "Klimek, Marcin"]
[Result "0-1"]
[WhiteElo "1474"]
[BlackElo "1822"]
[PlyCount "48"]
[EventDate "2012.01.11"]
[EventType "swiss"]
[EventRounds "9"]
[EventCountry "POL"]
[SourceTitle "CBM 146 Extra"]
[Source "ChessBase"]
[SourceDate "2012.02.29"]
[SourceVersion "1"]
[SourceVersionDate "2012.02.29"]
[SourceQuality "1"]

1. d4 e6 2. Nf3 f5 3. g3 b6 4. Bg2 Bb7 5. 0-0 Nf6 6. c4 Be7 7. Nc3 0-0 8. Re1 Ne4 9. Qc2 Nxc3 10. Qxc3 a5 11. a3 Bb4 12. axb4 axb4 13. Qxb4 Rxa1 14. Bg5 Rxe1+ 15. Nxe1 Qxg5 16. Bxb7 f4 17. Nf3 Qh5 18. d5 e5 19. d6 c6 20. Kg2 e4 21. Nd4 f3+ 22. exf3 exf3+ 23. Kf1 Qxh2 24. Ke1 Re8+ 0-1

[Event "Rewal op-B 16th"]
[Site "Rewal"]
[Date "2011.08.23"]
[Round "4"]
[White "Klimek, Marcin"]
[Black "Mirski, Roman"]
[Result "1/2-1/2"]
[WhiteElo "1827"]
[BlackElo "1591"]
[PlyCount "63"]
[EventDate "2011.08.18"]
[EventType "swiss"]
[EventRounds "9"]
[EventCountry "POL"]
[SourceTitle "CBM 144 Extra"]
[Source "ChessBase"]
[SourceDate "2011.10.28"]
[SourceVersion "1"]
[SourceVersionDate "2011.10.28"]
[SourceQuality "1"]

1. e4 c5 2. Ne2 Nc6 3. c4 g6 4. d4 cxd4 5. Nxd4 Bg7 6. Be3 e6 7. Nc3 Nge7 8. Be2 0-0 9. 0-0 a6 10. Rc1 b6 11. f4 Bb7 12. f5 exf5 13. exf5 Nxd4 14. f6 Nxe2+ 15. Qxe2 Bxf6 16. Rxf6 Nf5 17. Bg5 Qc7 18. Qf2 Qc5 19. Rxb6 Qxf2+ 20. Kxf2 Bc6 21. Rd1 a5 22. b3 f6 23. Bc1 Rfe8 24. Nd5 Bxd5 25. Rxd5 Re6 26. Rbb5 Nd6 27. Rxa5 Rae8 28. h3 Re2+ 29. Kf3 Nf5 30. Rd2 R8e3+ 31. Kf4 Re4+ 32. Kf3 1/2-1/2

[Event "POL-ch U16"]
[Site "Murzasichle"]
[Date "2011.03.11"]
[Round "8"]
[White "Klimek, Marcin"]
[Black "Lapaj, Mateusz"]
[Result "0-1"]
[WhiteElo "1809"]
[BlackElo "1998"]
[PlyCount "66"]
[EventDate "2011.03.05"]
[EventType "swiss"]
[EventRounds "9"]
[EventCountry "POL"]
[SourceTitle "EXT 2012"]
[Source "ChessBase"]
[SourceDate "2011.11.24"]
[SourceVersion "1"]
[SourceVersionDate "2011.11.24"]
[SourceQuality "1"]

1. e4 e6 2. d4 d5 3. e5 c5 4. c3 Nc6 5. Nf3 Bd7 6. a3 f6 7. Bd3 Qc7 8. Bf4 c4 9. Bc2 0-0-0 10. 0-0 h6 11. h4 Be8 12. Nbd2 Bh5 13. Qe1 f5 14. Nh2 Be7 15. f3 g5 16. Bg3 f4 17. Bf2 Rf8 18. g4 fxg3 19. Bxg3 gxh4 20. Bxh4 Bg5 21. Bxg5 hxg5 22. Qg3 Nh6 23. Ng4 Qg7 24. Nxh6 Qxh6 25. Rf2 Bg6 26. Rh2 Qxh2+ 27. Qxh2 Rxh2 28. Kxh2 Bxc2 29. Rg1 Rh8+ 30. Kg3 Ne7 31. f4 Nf5+ 32. Kf3 g4+ 33. Rxg4 Bd1+ 0-1

[Event "POL-ch U16"]
[Site "Murzasichle"]
[Date "2011.03.10"]
[Round "7"]
[White "Klimek, Marcin"]
[Black "Knapik, Andrzej"]
[Result "1-0"]
[WhiteElo "1809"]
[BlackElo "1858"]
[PlyCount "97"]
[EventDate "2011.03.05"]
[EventType "swiss"]
[EventRounds "9"]
[EventCountry "POL"]
[SourceTitle "EXT 2012"]
[Source "ChessBase"]
[SourceDate "2011.11.24"]
[SourceVersion "1"]
[SourceVersionDate "2011.11.24"]
[SourceQuality "1"]

1. e4 c5 2. Nf3 d6 3. Bb5+ Bd7 4. Bxd7+ Qxd7 5. c4 Nc6 6. d4 cxd4 7. Nxd4 Nf6 8. Nc3 g6 9. 0-0 Bg7 10. Nde2 0-0 11. f3 a6 12. Be3 Ne5 13. b3 b5 14. cxb5 axb5 15. a4 bxa4 16. Rxa4 Rxa4 17. Nxa4 Rb8 18. Qc2 Qb5 19. Nd4 Qb7 20. Rc1 d5 21. Nc5 Qc8 22. Bf4 Nh5 23. Be3 Qd8 24. f4 Ng4 25. Nc6 Nxe3 26. Qd2 Qd6 27. Nxb8 Nxf4 28. Ncd7 h5 29. e5 Bxe5 30. Rc8+ Kh7 31. Rc6 Qa3 32. Ra6 Qb2 33. Qxb2 Bxb2 34. g3 Nh3+ 35. Kh1 d4 36. Ra2 Bc3 37. Nc5 Bb4 38. Nd3 Bd6 39. Nc6 h4 40. gxh4 Kh6 41. Nxd4 Nf4 42. Nxf4 Bxf4 43. Rf2 Be5 44. Nc6 Bf6 45. b4 Nd5 46. b5 Kg7 47. Rd2 e6 48. Rxd5 exd5 49. b6 1-0

[Event "POL-ch U16"]
[Site "Murzasichle"]
[Date "2011.03.06"]
[Round "2"]
[White "Klimek, Marcin"]
[Black "Cukrowski, Filip"]
[Result "0-1"]
[WhiteElo "1809"]
[BlackElo "2079"]
[PlyCount "110"]
[EventDate "2011.03.05"]
[EventType "swiss"]
[EventRounds "9"]
[EventCountry "POL"]
[SourceTitle "EXT 2012"]
[Source "ChessBase"]
[SourceDate "2011.11.24"]
[SourceVersion "1"]
[SourceVersionDate "2011.11.24"]
[SourceQuality "1"]

1. e4 c5 2. Nf3 d6 3. Bb5+ Nc6 4. Bxc6+ bxc6 5. h3 e5 6. 0-0 Ne7 7. c3 Ba6 8. d3 g6 9. Re1 Bg7 10. d4 cxd4 11. cxd4 0-0 12. Nc3 Qc7 13. Be3 Rab8 14. Qc2 exd4 15. Bxd4 Bxd4 16. Nxd4 Qb6 17. Qa4 Bc8 18. Rab1 Qc5 19. Nf3 Rb4 20. Qd1 Be6 21. Qc1 Rfb8 22. b3 R4b7 23. Qe3 Qxe3 24. Rxe3 f6 25. Rd1 Rd7 26. Red3 Rbd8 27. Kf1 Kf7 28. Nd4 c5 29. Nxe6 Kxe6 30. Nd5 Nc6 31. g3 Nd4 32. Kg2 g5 33. Rf1 f5 34. Nc3 f4 35. f3 Ke5 36. g4 h5 37. Rh1 Rh8 38. Nd5 hxg4 39. hxg4 Rxh1 40. Kxh1 Nxf3 41. Rxf3 Kxe4 42. Rxf4+ Kxd5 43. Rf5+ Ke4 44. Kg2 Rg7 45. Kf2 d5 46. Ke2 Rh7 47. Rxg5 Rh2+ 48. Kd1 Rxa2 49. Rh5 Rb2 50. g5 Rxb3 51. Rh7 Rg3 52. Rxa7 Rxg5 53. Kd2 Rg2+ 54. Kc3 Rg3+ 55. Kd2 Kd4 0-1

[Event "POL-ch U16"]
[Site "Murzasichle"]
[Date "2011.03.05"]
[Round "1"]
[White "Adamowicz, Maciej"]
[Black "Klimek, Marcin"]
[Result "0-1"]
[WhiteElo "1992"]
[BlackElo "1809"]
[PlyCount "116"]
[EventDate "2011.03.05"]
[EventType "swiss"]
[EventRounds "9"]
[EventCountry "POL"]
[SourceTitle "EXT 2012"]
[Source "ChessBase"]
[SourceDate "2011.11.24"]
[SourceVersion "1"]
[SourceVersionDate "2011.11.24"]
[SourceQuality "1"]

1. c4 f5 2. Nf3 Nf6 3. Nc3 e6 4. g3 b6 5. Bg2 Bb7 6. 0-0 Bb4 7. d3 Bxc3 8. bxc3 0-0 9. Qb3 Qe7 10. Rd1 d6 11. a4 Nbd7 12. a5 Kh8 13. Qb4 Nc5 14. d4 Na6 15. Qb3 Rfd8 16. Bg5 e5 17. Qb5 c6 18. Qb1 e4 19. Nh4 Bc8 20. Qc2 Qf7 21. Bh3 h6 22. Bd2 Nh7 23. Bf1 g5 24. Ng2 Qxc4 25. h4 Qg8 26. c4 d5 27. cxd5 cxd5 28. Qc6 Qe6 29. Qc1 Qf6 30. hxg5 hxg5 31. Qc2 Bb7 32. Rdb1 Qc6 33. Qa2 b5 34. Qb2 Bc8 35. Rc1 Qd6 36. Rc2 Bd7 37. Rac1 Rg8 38. e3 Rab8 39. Rc5 Rb7 40. Qa1 Nf6 41. R5c2 Rg7 42. Bc3 Rh7 43. Ne1 Ng4 44. Bg2 Qh6 45. Re2 b4 46. Bd2 Bb5 47. Rc8+ Kg7 48. Qd1 Bxe2 49. Qxe2 b3 50. Bc1 Rh8 51. Rc3 Rhb8 52. Bb2 Rc7 53. Qd2 Rxc3 54. Qxc3 Qd6 55. Bf1 Qh6 56. Bg2 f4 57. exf4 gxf4 58. f3 Qh2+ 0-1

[Event "Gora Sw Anny op 4th"]
[Site "Gora Sw Anny"]
[Date "2011.02.16"]
[Round "6"]
[White "Klimek, Marcin"]
[Black "Smal, Tobiasz"]
[Result "1/2-1/2"]
[WhiteElo "1825"]
[BlackElo "1662"]
[PlyCount "54"]
[EventDate "2011.02.12"]
[EventType "swiss"]
[EventRounds "9"]
[EventCountry "POL"]
[SourceTitle "CBM 140 Extra"]
[Source "ChessBase"]
[SourceDate "2011.03.01"]
[SourceVersion "1"]
[SourceVersionDate "2011.03.01"]
[SourceQuality "1"]

1. e4 e6 2. d4 d5 3. Nc3 Nf6 4. Bg5 dxe4 5. Nxe4 Be7 6. Nxf6+ Bxf6 7. Bxf6 Qxf6 8. Nf3 0-0 9. Bd3 h6 10. Qe2 c5 11. 0-0-0 cxd4 12. Nxd4 g6 13. Be4 a6 14. Qe3 e5 15. Ne2 Kg7 16. f4 Nc6 17. Rhf1 Re8 18. Nc3 exf4 19. Rxf4 Qe5 20. Rd5 Qe7 21. Qd2 Be6 22. Rd6 Rad8 23. Rxd8 Rxd8 24. Qf2 Qd6 25. Bxc6 Qxc6 26. Rd4 Qc5 27. Rf4 Qd6 1/2-1/2

[Event "Gora Sw Anny op 4th"]
[Site "Gora Sw Anny"]
[Date "2011.02.13"]
[Round "3"]
[White "Skolarczyk, Maciej"]
[Black "Klimek, Marcin"]
[Result "0-1"]
[WhiteElo "1586"]
[BlackElo "1825"]
[PlyCount "86"]
[EventDate "2011.02.12"]
[EventType "swiss"]
[EventRounds "9"]
[EventCountry "POL"]
[SourceTitle "CBM 140 Extra"]
[Source "ChessBase"]
[SourceDate "2011.03.01"]
[SourceVersion "1"]
[SourceVersionDate "2011.03.01"]
[SourceQuality "1"]

1. e4 e6 2. d4 d5 3. Nd2 a6 4. Ngf3 c5 5. exd5 exd5 6. dxc5 Bxc5 7. Nb3 Bb6 8. c4 Qe7+ 9. Qe2 dxc4 10. Qxe7+ Nxe7 11. Bxc4 0-0 12. 0-0 Nbc6 13. Bf4 Ng6 14. Bd2 Bg4 15. Be3 Bxe3 16. fxe3 Rae8 17. Rfe1 Be6 18. Bxe6 Rxe6 19. Nbd4 Nxd4 20. exd4 Rxe1+ 21. Rxe1 f6 22. Rc1 Re8 23. g3 Kf7 24. Kf2 Re7 25. Re1 Rc7 26. Ke3 Ne7 27. Kd3 Nd5 28. a3 b5 29. Nd2 Nb6 30. b3 f5 31. Re5 g6 32. Rc5 Re7 33. Nf3 Nd7 34. Ne5+ Rxe5 35. Rxe5 Nxe5+ 36. dxe5 Ke6 37. Kd4 g5 38. h3 h5 39. a4 b4 40. a5 h4 41. gxh4 gxh4 42. Kc5 Kxe5 43. Kb6 f4 0-1

[Event "Gora Sw Anny op 4th"]
[Site "Gora Sw Anny"]
[Date "2011.02.12"]
[Round "1"]
[White "Kiryczuk, Artur"]
[Black "Klimek, Marcin"]
[Result "0-1"]
[WhiteElo "1429"]
[BlackElo "1825"]
[PlyCount "72"]
[EventDate "2011.02.12"]
[EventType "swiss"]
[EventRounds "9"]
[EventCountry "POL"]
[SourceTitle "CBM 140 Extra"]
[Source "ChessBase"]
[SourceDate "2011.03.01"]
[SourceVersion "1"]
[SourceVersionDate "2011.03.01"]
[SourceQuality "1"]

1. e4 e6 2. d4 d5 3. exd5 Qxd5 4. Nf3 Nf6 5. Nc3 Bb4 6. Bd2 Bxc3 7. Bxc3 Nbd7 8. Bd3 b6 9. 0-0 Bb7 10. b3 Qh5 11. Be2 Nd5 12. Bd2 Qg4 13. h3 Qg6 14. c4 Ne7 15. Bf4 c5 16. dxc5 Nxc5 17. b4 Rd8 18. Qb1 Be4 19. Qc1 Nd3 20. Bxd3 Rxd3 21. Bg3 Bxf3 22. gxf3 Rxf3 23. Kg2 Qe4 24. Kh2 0-0 25. Re1 Qf5 26. Re5 Rxf2+ 27. Bxf2 Qxf2+ 28. Kh1 Nf5 29. Rxf5 Qxf5 30. Kh2 Qe5+ 31. Kg2 Qe4+ 32. Kh2 Rc8 33. c5 bxc5 34. bxc5 Qe5+ 35. Kg2 Rxc5 36. Qa3 Rc2+ 0-1

[Event "POL-ch U14"]
[Site "Sekocin Stary"]
[Date "2010.05.06"]
[Round "9"]
[White "Eggink, Mateusz"]
[Black "Klimek, Marcin"]
[Result "1-0"]
[WhiteElo "1820"]
[BlackElo "1762"]
[PlyCount "73"]
[EventDate "2010.05.01"]
[EventType "swiss"]
[EventRounds "10"]
[EventCountry "POL"]
[SourceTitle "EXT 2011"]
[Source "ChessBase"]
[SourceDate "2010.11.26"]
[SourceVersion "1"]
[SourceVersionDate "2010.11.26"]
[SourceQuality "1"]

1. e4 e6 2. d4 d5 3. Nc3 Bb4 4. e5 c5 5. Bd2 Ne7 6. Nb5 Bxd2+ 7. Qxd2 0-0 8. dxc5 Nd7 9. f4 Nxc5 10. 0-0-0 Ne4 11. Qe1 Qb6 12. Nd4 Nc6 13. Ngf3 Nxd4 14. Nxd4 Bd7 15. Be2 f6 16. exf6 gxf6 17. Bf3 Qd6 18. Qe3 f5 19. Rhg1 Kh8 20. Nb3 Rac8 21. Kb1 a6 22. g4 e5 23. gxf5 Bxf5 24. Bxe4 Bxe4 25. Qxe4 Rxf4 26. Qxd5 Qxd5 27. Rxd5 Rf2 28. c3 e4 29. Re5 Rxh2 30. Rxe4 h5 31. Nd4 Rf8 32. Re2 Rff2 33. Rxf2 Rxf2 34. Rh1 Kg7 35. Rxh5 Rf7 36. Rc5 Rd7 37. Rc7 1-0

[Event "POL-ch U14"]
[Site "Sekocin Stary"]
[Date "2010.05.01"]
[Round "1"]
[White "Cukrowski, Filip"]
[Black "Klimek, Marcin"]
[Result "1-0"]
[WhiteElo "1932"]
[BlackElo "1762"]
[PlyCount "63"]
[EventDate "2010.05.01"]
[EventType "swiss"]
[EventRounds "10"]
[EventCountry "POL"]
[SourceTitle "EXT 2011"]
[Source "ChessBase"]
[SourceDate "2010.11.26"]
[SourceVersion "1"]
[SourceVersionDate "2010.11.26"]
[SourceQuality "1"]

1. e4 e6 2. d4 d5 3. Nc3 Bb4 4. e5 c5 5. a3 Bxc3+ 6. bxc3 Ne7 7. Qg4 0-0 8. Bd3 f5 9. exf6 Rxf6 10. Bg5 Rf7 11. Qh5 g6 12. Qd1 Qa5 13. Qd2 Nbc6 14. Nf3 Bd7 15. Ne5 Nxe5 16. dxe5 c4 17. Be2 Nc6 18. Bf6 d4 19. cxd4 Qd5 20. Bf3 Qxd4 21. Rd1 Qc5 22. Qc3 b5 23. 0-0 a5 24. Be4 Ra7 25. h4 b4 26. Qg3 Ne7 27. h5 Kf8 28. hxg6 Nxg6 29. Bxg6 hxg6 30. Qh3 Ke8 31. Qxe6+ Kf8 32. Qh3 1-0

[Event "Polanica Zdroj op-B 45th"]
[Site "Polanica Zdroj"]
[Date "2009.08.22"]
[Round "5"]
[White "Wozniak, Grzegorz"]
[Black "Klimek, Marcin"]
[Result "1-0"]
[WhiteElo "1570"]
[BlackElo "1701"]
[PlyCount "85"]
[EventDate "2009.08.18"]
[EventType "swiss"]
[EventRounds "10"]
[EventCountry "POL"]
[SourceTitle "CBM 131 Extra"]
[Source "ChessBase"]
[SourceDate "2009.09.03"]
[SourceVersion "2"]
[SourceVersionDate "2009.09.16"]
[SourceQuality "1"]

1. e4 e6 2. d4 d5 3. Nd2 a6 4. Ngf3 c5 5. exd5 exd5 6. c3 Nc6 7. Bd3 Nf6 8. 0-0 cxd4 9. cxd4 Be7 10. Re1 0-0 11. h3 Nb4 12. Nb3 Nxd3 13. Qxd3 Ne4 14. Be3 Bf5 15. Qe2 Qb6 16. Rac1 Rac8 17. Rxc8 Rxc8 18. Rc1 Rxc1+ 19. Bxc1 Qc7 20. Be3 Bd7 21. Qe1 Qc2 22. Qc1 Qxc1+ 23. Nxc1 f6 24. Nd2 Bd6 25. Nxe4 dxe4 26. Ne2 Kf7 27. a3 f5 28. Bf4 Bxf4 29. Nxf4 Bc6 30. Kf1 g5 31. Ne2 Bb5 32. Ke1 Bxe2 33. Kxe2 Ke6 34. g3 Kd5 35. Ke3 h6 36. b3 b5 37. a4 bxa4 38. bxa4 a5 39. h4 Kc4 40. hxg5 hxg5 41. g4 Kd5 42. gxf5 g4 43. f6 1-0